[Event "DEM U12 2023"]
[Site "Willingen GER"]
[Date "2023.05.28"]
[Round "2"]
[White "Glöckler, Christian"]
[Black "Ramming, Moritz"]
[Result "1-0"]
[Termination "normal"]
[Board "1"]
[WhiteTitle "FM"]
[WhiteElo "2288"]
[BlackElo "1597"]
[WhiteClock "00:47:03"]
[BlackClock "00:26:43"]
[PlyCount "49"]
[WhiteFideId "34608966"]
[BlackFideId "34618198"]
[EventCountry "GER"]
[EventRounds "9"]
[EventType "swiss"]
[EventDate "2023.05.27"]

1. e4 {[%clk 01:30:57]} {[%emt 00:00:02]} e6 {[%clk 01:30:53]} {[%emt
00:00:09]} 2. d4 {[%clk 01:31:17]} {[%emt 00:00:09]} d5 {[%clk 01:31:17]}
{[%emt 00:00:05]} 3. Nd2 {[%clk 01:31:28]} {[%emt 00:00:20]} Nf6 {[%clk
01:31:13]} {[%emt 00:00:34]} 4. e5 {[%clk 01:31:38]} {[%emt 00:00:20]} Nfd7
{[%clk 01:31:25]} {[%emt 00:00:18]} 5. f4 {[%clk 01:31:49]} {[%emt 00:00:18]}
c5 {[%clk 01:31:34]} {[%emt 00:00:22]} 6. c3 {[%clk 01:31:50]} {[%emt
00:00:29]} Nc6 {[%clk 01:31:37]} {[%emt 00:00:27]} 7. Ndf3 {[%clk 01:31:40]}
{[%emt 00:00:39]} a6 {[%clk 01:27:53]} {[%emt 00:04:15]} 8. Bd3 {[%clk
01:30:22]} {[%emt 00:01:48]} cxd4 {[%clk 01:23:35]} {[%emt 00:04:48]} 9. cxd4
{[%clk 01:30:16]} {[%emt 00:00:36]} Be7 {[%clk 01:21:17]} {[%emt 00:02:47]} 10.
h4 {[%clk 01:29:33]} {[%emt 00:01:13]} b5 {[%clk 01:16:25]} {[%emt 00:05:22]}
11. h5 {[%clk 01:28:29]} {[%emt 00:01:35]} Nb6 {[%clk 01:14:08]} {[%emt
00:02:46]} 12. Ne2 {[%clk 01:27:30]} {[%emt 00:01:29]} f5 {[%clk 01:11:42]}
{[%emt 00:02:56]} 13. Kf2 {[%clk 01:20:11]} {[%emt 00:07:49]} Bd7 {[%clk
01:10:09]} {[%emt 00:02:04]} 14. a3 {[%clk 01:14:22]} {[%emt 00:06:19]} Qc7
{[%clk 01:02:54]} {[%emt 00:07:46]} 15. b3 {[%clk 01:10:25]} {[%emt 00:04:26]}
Nc8 {[%clk 00:51:51]} {[%emt 00:11:33]} 16. Qg1 {[%clk 01:09:17]} {[%emt
00:01:38]} N8a7 {[%clk 00:46:22]} {[%emt 00:05:59]} 17. g4 {[%clk 01:07:17]}
{[%emt 00:02:30]} fxg4 {[%clk 00:45:53]} {[%emt 00:00:58]} 18. Qxg4 {[%clk
01:07:26]} {[%emt 00:00:21]} O-O-O {[%clk 00:45:19]} {[%emt 00:01:04]} 19. f5
{[%clk 01:00:00]} {[%emt 00:07:57]} exf5 {[%clk 00:42:21]} {[%emt 00:03:27]}
20. Qxg7 {[%clk 00:59:30]} {[%emt 00:01:00]} Be6 {[%clk 00:35:32]} {[%emt
00:07:19]} 21. Qh6 {[%clk 00:57:02]} {[%emt 00:02:59]} Qd7 {[%clk 00:30:42]}
{[%emt 00:05:20]} 22. Nf4 {[%clk 00:52:30]} {[%emt 00:05:02]} Bf7 {[%clk
00:28:50]} {[%emt 00:02:22]} 23. e6 {[%clk 00:49:15]} {[%emt 00:03:45]} Qd6
{[%clk 00:27:17]} {[%emt 00:02:03]} 24. Bxf5 {[%clk 00:47:43]} {[%emt
00:02:01]} Kb7 {[%clk 00:26:43]} {[%emt 00:01:04]} 25. Nd3 {[%clk 00:47:03]}
{[%emt 00:01:10]} 1-0

[Event "DEM U12 2023"]
[Site "Willingen GER"]
[Date "2023.05.28"]
[Round "2"]
[White "Mandalka, Justus"]
[Black "Nemitz, Alfred"]
[Result "1/2-1/2"]
[Termination "normal"]
[Board "2"]
[WhiteElo "1560"]
[BlackElo "2079"]
[WhiteClock "00:39:07"]
[BlackClock "00:27:47"]
[PlyCount "83"]
[WhiteFideId "16298144"]
[BlackFideId "34601791"]
[EventCountry "GER"]
[EventRounds "9"]
[EventType "swiss"]
[EventDate "2023.05.27"]

1. e4 {[%clk 01:30:57]} {[%emt 00:00:03]} e5 {[%clk 01:30:42]} {[%emt
00:00:17]} 2. Nf3 {[%clk 01:31:22]} {[%emt 00:00:06]} Nc6 {[%clk 01:31:03]}
{[%emt 00:00:09]} 3. d4 {[%clk 01:31:48]} {[%emt 00:00:04]} exd4 {[%clk
01:31:23]} {[%emt 00:00:10]} 4. Nxd4 {[%clk 01:32:12]} {[%emt 00:00:06]} Nf6
{[%clk 01:31:42]} {[%emt 00:00:11]} 5. Nxc6 {[%clk 01:32:37]} {[%emt 00:00:05]}
bxc6 {[%clk 01:32:01]} {[%emt 00:00:11]} 6. e5 {[%clk 01:33:02]} {[%emt
00:00:05]} Qe7 {[%clk 01:32:10]} {[%emt 00:00:16]} 7. Qe2 {[%clk 01:33:29]}
{[%emt 00:00:08]} Nd5 {[%clk 01:32:19]} {[%emt 00:00:22]} 8. c4 {[%clk
01:33:47]} {[%emt 00:00:11]} Ba6 {[%clk 01:32:39]} {[%emt 00:00:09]} 9. b3
{[%clk 01:34:06]} {[%emt 00:00:12]} g6 {[%clk 01:31:00]} {[%emt 00:02:07]} 10.
Ba3 {[%clk 01:34:24]} {[%emt 00:00:13]} d6 {[%clk 01:23:35]} {[%emt 00:07:56]}
11. exd6 {[%clk 01:27:01]} {[%emt 00:07:53]} Qxe2+ {[%clk 01:18:09]} {[%emt
00:05:55]} 12. Bxe2 {[%clk 01:27:06]} {[%emt 00:00:26]} Bg7 {[%clk 01:16:18]}
{[%emt 00:02:21]} 13. cxd5 {[%clk 01:27:31]} {[%emt 00:00:06]} Bxe2 {[%clk
01:14:28]} {[%emt 00:02:19]} 14. Kxe2 {[%clk 01:27:57]} {[%emt 00:00:05]} Bxa1
{[%clk 01:13:42]} {[%emt 00:01:16]} 15. Rc1 {[%clk 01:26:37]} {[%emt 00:01:49]}
cxd6 {[%clk 01:07:54]} {[%emt 00:06:17]} 16. Rxc6 {[%clk 01:26:31]} {[%emt
00:00:37]} O-O {[%clk 01:03:34]} {[%emt 00:04:49]} 17. f4 {[%clk 01:21:39]}
{[%emt 00:05:23]} Rfe8+ {[%clk 01:00:13]} {[%emt 00:03:51]} 18. Kd3 {[%clk
01:21:26]} {[%emt 00:00:43]} Rac8 {[%clk 00:46:43]} {[%emt 00:14:00]} 19. Rxd6
{[%clk 01:20:47]} {[%emt 00:01:09]} Re1 {[%clk 00:46:19]} {[%emt 00:00:53]} 20.
Rc6 {[%clk 01:18:07]} {[%emt 00:03:11]} Rd8 {[%clk 00:45:34]} {[%emt 00:01:15]}
21. Nc3 {[%clk 01:17:27]} {[%emt 00:01:10]} Bxc3 {[%clk 00:44:29]} {[%emt
00:01:36]} 22. Kxc3 {[%clk 01:17:08]} {[%emt 00:00:48]} Rxd5 {[%clk 00:44:01]}
{[%emt 00:00:59]} 23. Bc5 {[%clk 01:07:55]} {[%emt 00:09:42]} a5 {[%clk
00:27:56]} {[%emt 00:16:35]} 24. Kc4 {[%clk 01:07:28]} {[%emt 00:00:57]} Rd2
{[%clk 00:27:40]} {[%emt 00:00:45]} 25. g4 {[%clk 00:44:52]} {[%emt 00:23:07]}
Re4+ {[%clk 00:22:25]} {[%emt 00:05:44]} 26. Kc3 {[%clk 00:44:39]} {[%emt
00:00:43]} Rd8 {[%clk 00:21:28]} {[%emt 00:01:27]} 27. Bb6 {[%clk 00:34:10]}
{[%emt 00:10:59]} Ra8 {[%clk 00:21:22]} {[%emt 00:00:36]} 28. Rc4 {[%clk
00:32:04]} {[%emt 00:02:37]} Re2 {[%clk 00:20:11]} {[%emt 00:01:40]} 29. Ra4
{[%clk 00:31:40]} {[%emt 00:00:54]} Rxh2 {[%clk 00:16:44]} {[%emt 00:03:57]}
30. g5 {[%clk 00:27:44]} {[%emt 00:04:26]} Rc8+ {[%clk 00:13:32]} {[%emt
00:03:43]} 31. Kd3 {[%clk 00:26:47]} {[%emt 00:01:27]} Rcc2 {[%clk 00:11:49]}
{[%emt 00:02:12]} 32. a3 {[%clk 00:22:58]} {[%emt 00:04:20]} Rb2 {[%clk
00:09:43]} {[%emt 00:02:35]} 33. b4 {[%clk 00:21:15]} {[%emt 00:02:14]} Rh3+
{[%clk 00:06:51]} {[%emt 00:03:22]} 34. Ke4 {[%clk 00:17:33]} {[%emt 00:04:12]}
f5+ {[%clk 00:01:28]} {[%emt 00:05:52]} 35. gxf6 {[%clk 00:16:21]} {[%emt
00:01:42]} Rbb3 {[%clk 00:00:40]} {[%emt 00:01:18]} 36. Rxa5 {[%clk 00:15:31]}
{[%emt 00:01:21]} Rxa3 {[%clk 00:01:09]} {[%emt 00:00:01]} 37. Rd5 {[%clk
00:14:51]} {[%emt 00:01:09]} Ra6 {[%clk 00:00:38]} {[%emt 00:01:02]} 38. Bd4
{[%clk 00:15:06]} {[%emt 00:00:15]} Re6+ {[%clk 00:00:38]} {[%emt 00:00:30]}
39. Be5 {[%clk 00:15:10]} {[%emt 00:00:26]} Rb6 {[%clk 00:00:53]} {[%emt
00:00:13]} 40. Rd8+ {[%clk 00:09:29]} {[%emt 00:06:12]} Kf7 {[%clk 00:01:23]}
{[%emt 00:00:01]} 41. Rd7+ {[%clk 00:09:47]} {[%emt 00:00:12]} Ke8 {[%clk
00:27:47]} {[%emt 00:04:06]} 42. f7+ {[%clk 00:39:07]} {[%emt 00:01:09]}
1/2-1/2

[Event "DEM U12 2023"]
[Site "Willingen GER"]
[Date "2023.05.28"]
[Round "2"]
[White "Shen, Tingrui"]
[Black "Rodriguez Klasen, Ennio"]
[Result "1/2-1/2"]
[Termination "normal"]
[Board "3"]
[WhiteElo "1801"]
[BlackElo "1526"]
[WhiteClock "00:42:03"]
[BlackClock "00:37:49"]
[PlyCount "85"]
[WhiteFideId "34603441"]
[BlackFideId "16277414"]
[EventCountry "GER"]
[EventRounds "9"]
[EventType "swiss"]
[EventDate "2023.05.27"]

1. e4 {[%clk 01:30:48]} {[%emt 00:00:11]} Nf6 {[%clk 01:30:55]} {[%emt
00:00:06]} 2. e5 {[%clk 01:31:08]} {[%emt 00:00:10]} Nd5 {[%clk 01:31:20]}
{[%emt 00:00:05]} 3. d4 {[%clk 01:31:26]} {[%emt 00:00:11]} d6 {[%clk
01:31:47]} {[%emt 00:00:04]} 4. c4 {[%clk 01:31:41]} {[%emt 00:00:15]} Nb6
{[%clk 01:31:55]} {[%emt 00:00:22]} 5. exd6 {[%clk 01:32:02]} {[%emt 00:00:09]}
cxd6 {[%clk 01:32:21]} {[%emt 00:00:04]} 6. h3 {[%clk 01:32:04]} {[%emt
00:00:27]} g6 {[%clk 01:32:04]} {[%emt 00:00:48]} 7. Nf3 {[%clk 01:31:35]}
{[%emt 00:00:58]} Bg7 {[%clk 01:31:51]} {[%emt 00:00:43]} 8. Nc3 {[%clk
01:31:20]} {[%emt 00:00:46]} O-O {[%clk 01:31:41]} {[%emt 00:00:40]} 9. Be2
{[%clk 01:31:22]} {[%emt 00:00:28]} Nc6 {[%clk 01:31:05]} {[%emt 00:01:06]} 10.
O-O {[%clk 01:30:59]} {[%emt 00:00:52]} e5 {[%clk 01:24:57]} {[%emt 00:06:38]}
11. Bg5 {[%clk 01:28:55]} {[%emt 00:02:33]} Bf6 {[%clk 01:22:44]} {[%emt
00:02:44]} 12. Bxf6 {[%clk 01:27:00]} {[%emt 00:02:25]} Qxf6 {[%clk 01:23:08]}
{[%emt 00:00:06]} 13. d5 {[%clk 01:25:54]} {[%emt 00:01:36]} Nd4 {[%clk
01:17:33]} {[%emt 00:06:06]} 14. Nxd4 {[%clk 01:25:17]} {[%emt 00:01:06]} exd4
{[%clk 01:14:05]} {[%emt 00:03:58]} 15. Nb5 {[%clk 01:25:04]} {[%emt 00:00:43]}
Qg5 {[%clk 01:08:05]} {[%emt 00:06:30]} 16. Kh1 {[%clk 01:24:21]} {[%emt
00:01:12]} Qe5 {[%clk 01:05:58]} {[%emt 00:02:38]} 17. Nxd4 {[%clk 01:24:05]}
{[%emt 00:00:46]} Bd7 {[%clk 01:05:51]} {[%emt 00:00:37]} 18. Nf3 {[%clk
01:21:30]} {[%emt 00:03:04]} Qxb2 {[%clk 01:03:37]} {[%emt 00:02:45]} 19. Qd2
{[%clk 01:18:51]} {[%emt 00:03:09]} Qxd2 {[%clk 01:01:19]} {[%emt 00:02:48]}
20. Nxd2 {[%clk 01:16:33]} {[%emt 00:02:48]} Rfe8 {[%clk 01:01:11]} {[%emt
00:00:38]} 21. Bd3 {[%clk 01:16:45]} {[%emt 00:00:18]} Bf5 {[%clk 00:56:57]}
{[%emt 00:04:44]} 22. Bxf5 {[%clk 01:10:25]} {[%emt 00:06:50]} gxf5 {[%clk
00:57:23]} {[%emt 00:00:05]} 23. Rfd1 {[%clk 01:08:42]} {[%emt 00:02:12]} Rac8
{[%clk 00:54:32]} {[%emt 00:03:21]} 24. Rab1 {[%clk 01:02:44]} {[%emt
00:06:27]} Re7 {[%clk 00:51:16]} {[%emt 00:03:47]} 25. Rb4 {[%clk 00:54:01]}
{[%emt 00:09:13]} Rec7 {[%clk 00:49:28]} {[%emt 00:02:18]} 26. Re1 {[%clk
00:53:07]} {[%emt 00:01:23]} Kf8 {[%clk 00:48:31]} {[%emt 00:01:28]} 27. Re3
{[%clk 00:53:07]} {[%emt 00:00:29]} Re8 {[%clk 00:44:11]} {[%emt 00:04:51]} 28.
Kg1 {[%clk 00:49:03]} {[%emt 00:04:34]} Rxe3 {[%clk 00:43:49]} {[%emt
00:00:53]} 29. fxe3 {[%clk 00:49:11]} {[%emt 00:00:21]} Rc5 {[%clk 00:42:47]}
{[%emt 00:01:33]} 30. Kf2 {[%clk 00:48:42]} {[%emt 00:00:58]} Ra5 {[%clk
00:42:40]} {[%emt 00:00:37]} 31. Rb2 {[%clk 00:48:19]} {[%emt 00:00:53]} Rc5
{[%clk 00:42:36]} {[%emt 00:00:34]} 32. Kf3 {[%clk 00:44:15]} {[%emt 00:04:34]}
Nxc4 {[%clk 00:41:24]} {[%emt 00:01:42]} 33. Nxc4 {[%clk 00:43:53]} {[%emt
00:00:52]} Rxc4 {[%clk 00:41:48]} {[%emt 00:00:06]} 34. Rxb7 {[%clk 00:44:11]}
{[%emt 00:00:12]} Ra4 {[%clk 00:42:13]} {[%emt 00:00:05]} 35. Rd7 {[%clk
00:44:01]} {[%emt 00:00:40]} Ra6 {[%clk 00:42:35]} {[%emt 00:00:08]} 36. Kf4
{[%clk 00:43:03]} {[%emt 00:01:27]} Ke8 {[%clk 00:42:48]} {[%emt 00:00:17]} 37.
Rb7 {[%clk 00:43:04]} {[%emt 00:00:30]} Rxa2 {[%clk 00:42:43]} {[%emt
00:00:36]} 38. Kxf5 {[%clk 00:43:16]} {[%emt 00:00:17]} Rf2+ {[%clk 00:42:10]}
{[%emt 00:01:03]} 39. Ke4 {[%clk 00:43:11]} {[%emt 00:00:35]} Rxg2 {[%clk
00:41:47]} {[%emt 00:00:52]} 40. Rxa7 {[%clk 00:43:27]} {[%emt 00:00:14]} Rh2
{[%clk 00:41:31]} {[%emt 00:00:47]} 41. Ra6 {[%clk 00:43:16]} {[%emt 00:00:41]}
Ke7 {[%clk 00:39:01]} {[%emt 00:03:00]} 42. Ra7+ {[%clk 00:41:50]} {[%emt
00:01:56]} Ke8 {[%clk 00:37:49]} {[%emt 00:01:42]} 43. Ra6 {[%clk 00:42:03]}
{[%emt 00:00:17]} 1/2-1/2

[Event "DEM U12 2023"]
[Site "Willingen GER"]
[Date "2023.05.28"]
[Round "2"]
[White "Kateryniuk, Ivan"]
[Black "Mohylnyi, Stepan"]
[Result "0-1"]
[Termination "normal"]
[Board "4"]
[WhiteElo "1631"]
[BlackElo "2073"]
[WhiteClock "00:03:24"]
[BlackClock "00:08:53"]
[PlyCount "90"]
[WhiteFideId "34138943"]
[BlackFideId "34127836"]
[EventCountry "GER"]
[EventRounds "9"]
[EventType "swiss"]
[EventDate "2023.05.27"]

1. e4 {[%clk 01:29:20]} {[%emt 00:01:39]} e6 {[%clk 01:30:48]} {[%emt
00:00:12]} 2. d4 {[%clk 01:29:09]} {[%emt 00:00:40]} d5 {[%clk 01:30:50]}
{[%emt 00:00:28]} 3. exd5 {[%clk 01:27:48]} {[%emt 00:01:48]} exd5 {[%clk
01:30:40]} {[%emt 00:00:44]} 4. Bd3 {[%clk 01:27:13]} {[%emt 00:01:04]} Bd6
{[%clk 01:31:05]} {[%emt 00:00:06]} 5. h3 {[%clk 01:25:28]} {[%emt 00:02:15]}
Ne7 {[%clk 01:31:25]} {[%emt 00:00:11]} 6. Nf3 {[%clk 01:25:29]} {[%emt
00:00:28]} Bf5 {[%clk 01:26:43]} {[%emt 00:05:12]} 7. Bg5 {[%clk 01:25:05]}
{[%emt 00:00:53]} f6 {[%clk 01:26:43]} {[%emt 00:00:32]} 8. Be3 {[%clk
01:25:28]} {[%emt 00:00:06]} Qd7 {[%clk 01:24:36]} {[%emt 00:02:37]} 9. a3
{[%clk 01:16:29]} {[%emt 00:09:30]} Nbc6 {[%clk 01:20:12]} {[%emt 00:04:54]}
10. Nc3 {[%clk 01:15:43]} {[%emt 00:01:15]} a6 {[%clk 01:19:39]} {[%emt
00:01:03]} 11. Nh4 {[%clk 01:11:08]} {[%emt 00:05:04]} Bxd3 {[%clk 01:19:41]}
{[%emt 00:00:29]} 12. Qxd3 {[%clk 01:11:23]} {[%emt 00:00:15]} g5 {[%clk
01:19:29]} {[%emt 00:00:42]} 13. Nf3 {[%clk 01:11:31]} {[%emt 00:00:21]} h5
{[%clk 01:19:28]} {[%emt 00:00:33]} 14. O-O-O {[%clk 01:10:23]} {[%emt
00:01:38]} O-O-O {[%clk 01:19:49]} {[%emt 00:00:09]} 15. Kb1 {[%clk 01:09:43]}
{[%emt 00:01:10]} Na5 {[%clk 01:13:05]} {[%emt 00:07:13]} 16. Nd2 {[%clk
01:08:31]} {[%emt 00:01:40]} b5 {[%clk 01:04:43]} {[%emt 00:08:54]} 17. Na4
{[%clk 00:46:38]} {[%emt 00:22:24]} Nb7 {[%clk 00:52:20]} {[%emt 00:12:52]} 18.
Nc3 {[%clk 00:42:41]} {[%emt 00:04:27]} c6 {[%clk 00:46:18]} {[%emt 00:06:32]}
19. Nb3 {[%clk 00:41:07]} {[%emt 00:02:04]} Nf5 {[%clk 00:45:32]} {[%emt
00:01:16]} 20. Rhf1 {[%clk 00:36:48]} {[%emt 00:04:49]} Rhe8 {[%clk 00:32:10]}
{[%emt 00:13:53]} 21. g4 {[%clk 00:33:09]} {[%emt 00:04:09]} hxg4 {[%clk
00:30:56]} {[%emt 00:01:43]} 22. hxg4 {[%clk 00:33:32]} {[%emt 00:00:07]} Nh4
{[%clk 00:30:54]} {[%emt 00:00:33]} 23. f3 {[%clk 00:24:20]} {[%emt 00:09:41]}
Ng2 {[%clk 00:29:38]} {[%emt 00:01:47]} 24. Bd2 {[%clk 00:23:31]} {[%emt
00:01:19]} Nf4 {[%clk 00:27:36]} {[%emt 00:02:31]} 25. Bxf4 {[%clk 00:23:49]}
{[%emt 00:00:12]} Bxf4 {[%clk 00:28:03]} {[%emt 00:00:03]} 26. Qg6 {[%clk
00:22:48]} {[%emt 00:01:29]} Qd6 {[%clk 00:22:38]} {[%emt 00:05:57]} 27. Rfe1
{[%clk 00:22:42]} {[%emt 00:00:36]} Re7 {[%clk 00:22:39]} {[%emt 00:00:29]} 28.
Rxe7 {[%clk 00:20:49]} {[%emt 00:02:24]} Qxe7 {[%clk 00:23:03]} {[%emt
00:00:05]} 29. Rh1 {[%clk 00:21:09]} {[%emt 00:00:09]} a5 {[%clk 00:17:27]}
{[%emt 00:06:07]} 30. Rh7 {[%clk 00:20:54]} {[%emt 00:00:45]} Qe6 {[%clk
00:17:29]} {[%emt 00:00:28]} 31. a4 {[%clk 00:11:05]} {[%emt 00:10:20]} b4
{[%clk 00:16:48]} {[%emt 00:01:11]} 32. Ka2 {[%clk 00:10:53]} {[%emt 00:00:42]}
Rd7 {[%clk 00:15:30]} {[%emt 00:01:48]} 33. Rh8+ {[%clk 00:09:26]} {[%emt
00:01:57]} Kc7 {[%clk 00:15:24]} {[%emt 00:00:35]} 34. Nb1 {[%clk 00:08:18]}
{[%emt 00:01:38]} Bd6 {[%clk 00:09:37]} {[%emt 00:06:17]} 35. Re8 {[%clk
00:08:19]} {[%emt 00:00:28]} Qf7 {[%clk 00:09:32]} {[%emt 00:00:37]} 36. Qxf7
{[%clk 00:07:29]} {[%emt 00:01:19]} Rxf7 {[%clk 00:09:56]} {[%emt 00:00:06]}
37. N1d2 {[%clk 00:07:37]} {[%emt 00:00:23]} Rh7 {[%clk 00:09:50]} {[%emt
00:00:35]} 38. Nf1 {[%clk 00:07:03]} {[%emt 00:01:04]} Bf4 {[%clk 00:08:19]}
{[%emt 00:02:01]} 39. Ne3 {[%clk 00:06:11]} {[%emt 00:01:23]} Kd7 {[%clk
00:08:36]} {[%emt 00:00:13]} 40. Nxd5 {[%clk 00:04:11]} {[%emt 00:02:29]} cxd5
{[%clk 00:08:26]} {[%emt 00:00:40]} 41. Ra8 {[%clk 00:04:03]} {[%emt 00:00:37]}
Bc7 {[%clk 00:08:29]} {[%emt 00:00:28]} 42. Ra7 {[%clk 00:04:19]} {[%emt
00:00:13]} Kc6 {[%clk 00:08:39]} {[%emt 00:00:21]} 43. Ra6+ {[%clk 00:04:01]}
{[%emt 00:00:49]} Bb6 {[%clk 00:09:02]} {[%emt 00:00:07]} 44. c4 {[%clk
00:03:30]} {[%emt 00:01:00]} dxc4 {[%clk 00:08:48]} {[%emt 00:00:44]} 45. Nd2
{[%clk 00:03:24]} {[%emt 00:00:36]} Nd6 {[%clk 00:08:53]} {[%emt 00:00:25]} 0-1

[Event "DEM U12 2023"]
[Site "Willingen GER"]
[Date "2023.05.28"]
[Round "2"]
[White "Polzin, Gustav"]
[Black "Mukazhanov, Mansur"]
[Result "1-0"]
[Termination "normal"]
[Board "5"]
[WhiteElo "2018"]
[BlackElo "1563"]
[WhiteClock "00:21:46"]
[BlackClock "01:04:34"]
[PlyCount "47"]
[WhiteFideId "34603280"]
[BlackFideId "13752324"]
[EventCountry "GER"]
[EventRounds "9"]
[EventType "swiss"]
[EventDate "2023.05.27"]

1. e4 {[%clk 01:30:57]} {[%emt 00:00:02]} e6 {[%clk 01:30:53]} {[%emt
00:00:08]} 2. d4 {[%clk 01:31:05]} {[%emt 00:00:22]} d5 {[%clk 01:31:14]}
{[%emt 00:00:06]} 3. Nd2 {[%clk 01:30:38]} {[%emt 00:00:59]} c5 {[%clk
01:31:37]} {[%emt 00:00:07]} 4. exd5 {[%clk 01:30:38]} {[%emt 00:00:31]} Qxd5
{[%clk 01:28:46]} {[%emt 00:03:20]} 5. Ngf3 {[%clk 01:29:42]} {[%emt 00:01:26]}
Nc6 {[%clk 01:28:08]} {[%emt 00:01:08]} 6. Bc4 {[%clk 01:28:07]} {[%emt
00:02:06]} Qd7 {[%clk 01:27:56]} {[%emt 00:00:41]} 7. Nb3 {[%emt 00:02:05]}
cxd4 {[%clk 01:28:07]} {[%emt 00:00:18]} 8. O-O {[%clk 01:25:26]} {[%emt
00:01:37]} Nf6 {[%clk 01:28:27]} {[%emt 00:00:10]} 9. Nbxd4 {[%clk 01:24:54]}
{[%emt 00:01:03]} Nxd4 {[%clk 01:28:45]} {[%emt 00:00:12]} 10. Nxd4 {[%clk
01:24:51]} {[%emt 00:00:32]} a6 {[%clk 01:29:01]} {[%emt 00:00:15]} 11. a4
{[%clk 01:17:29]} {[%emt 00:07:52]} Be7 {[%clk 01:23:21]} {[%emt 00:06:09]} 12.
Re1 {[%clk 01:08:04]} {[%emt 00:09:55]} O-O {[%clk 01:21:54]} {[%emt 00:01:55]}
13. b3 {[%clk 00:48:37]} {[%emt 00:20:00]} Bb4 {[%clk 01:11:33]} {[%emt
00:10:50]} 14. Bd2 {[%clk 00:48:00]} {[%emt 00:01:07]} Bxd2 {[%clk 01:11:36]}
{[%emt 00:00:28]} 15. Qxd2 {[%clk 00:44:26]} {[%emt 00:04:04]} Rd8 {[%clk
01:09:33]} {[%emt 00:02:31]} 16. Rad1 {[%clk 00:43:09]} {[%emt 00:01:48]} b6
{[%clk 01:09:26]} {[%emt 00:00:38]} 17. Qe2 {[%clk 00:40:47]} {[%emt 00:02:51]}
Qc7 {[%clk 01:08:37]} {[%emt 00:01:20]} 18. Qf3 {[%clk 00:31:26]} {[%emt
00:09:50]} Bb7 {[%clk 01:08:52]} {[%emt 00:00:15]} 19. Qc3 {[%clk 00:29:54]}
{[%emt 00:02:02]} Rac8 {[%clk 01:08:01]} {[%emt 00:01:20]} 20. Nxe6 {[%clk
00:21:57]} {[%emt 00:08:29]} Rxd1 {[%clk 01:04:13]} {[%emt 00:04:17]} 21. Nxc7
{[%clk 00:21:54]} {[%emt 00:00:34]} Rxe1+ {[%clk 01:04:38]} {[%emt 00:00:05]}
22. Qxe1 {[%clk 00:22:01]} {[%emt 00:00:22]} Rxc7 {[%clk 01:04:58]} {[%emt
00:00:11]} 23. Qe5 {[%clk 00:21:26]} {[%emt 00:01:05]} Rd7 {[%clk 01:04:34]}
{[%emt 00:00:54]} 24. Qb8+ {[%clk 00:21:46]} {[%emt 00:00:10]} 1-0